[Event "23rd EUR-ch"]
[Site "Vrnjacka Banja SRB"]
[Date "2023.03.05"]
[Round "3.23"]
[White "Gokerkan, Cem Kaan"]
[Black "Dardha, Daniel"]
[Result "1/2-1/2"]
[WhiteElo "2486"]
[BlackElo "2610"]
[EventDate "2023.03.03"]
[PlyCount "82"]

1.e4 e5 2.Nf3 Nc6 3.Nc3 Nf6 4.d4 exd4 5.Nxd4 Bb4 6.Nxc6 bxc6 7.Bd3 O-O 8.
O-O Re8 9.Qf3 h6 10.Be3 d6 11.h3 Be6 12.Rad1 Nd7 13.Qg3 Bxc3 14.bxc3 Kh8 
15.f4 f6 16.a3 Bg8 17.f5 c5 18.Rf4 Re7 19.Rh4 Qf8 20.Qf2 Rae8 21.Bb5 a6 
22.Bxa6 Rxe4 23.Rxe4 Rxe4 24.Bd3 Re7 25.a4 Ne5 26.a5 Qe8 27.Bf1 Qa4 28.a6 
Bc4 29.Qh4 Qxa6 30.Bxh6 Bxf1 31.Bf4+ Kg8 32.Rxf1 Qa2 33.Qf2 Qc4 34.Qd2 Qe4
35.Bxe5 Rxe5 36.Qd3 Kh7 37.Rf3 Qh4 38.Kh2 Qe1 39.Qc4 Qe2 40.Qg4 Re7 41.
Qg6+ Kg8 1/2-1/2

[Event "23rd EUR-ch"]
[Site "Vrnjacka Banja SRB"]
[Date "2023.03.05"]
[Round "3.24"]
[White "Safarli, Eltaj"]
[Black "Kraus, Tomas"]
[Result "1-0"]
[WhiteElo "2608"]
[BlackElo "2486"]
[EventDate "2023.03.03"]
[PlyCount "83"]

1.e4 d6 2.d4 Nf6 3.Nc3 e5 4.Nf3 Nbd7 5.Bc4 Be7 6.O-O O-O 7.Re1 c6 8.a4 h6 
9.a5 Re8 10.d5 b5 11.Bb3 cxd5 12.Nxd5 Bb7 13.a6 Bc6 14.Nb4 Qc7 15.Nxc6 
Qxc6 16.Be3 Nc5 17.Bxc5 Qxc5 18.Nh4 Rad8 19.Nf5 d5 20.exd5 e4 21.Qd4 g6 
22.Nxe7+ Qxe7 23.h3 Rd6 24.Re3 Red8 25.f3 Nxd5 26.Rxe4 Qc7 27.Re5 Nb6 28.
Qc5 Rc6 29.Qxb5 Nc4 30.Bxc4 Rxc4 31.c3 Rc6 32.Qe2 Rcd6 33.Re8+ Rxe8 34.
Qxe8+ Kg7 35.Qe3 Kh7 36.Kh1 Re6 37.Qd3 Rd6 38.Qe4 Rb6 39.Qe2 Re6 40.Qf2 
Qe7 41.b4 Re2 42.Qd4 1-0

[Event "23rd EUR-ch"]
[Site "Vrnjacka Banja SRB"]
[Date "2023.03.05"]
[Round "3.25"]
[White "Sadikhov, Ulvi"]
[Black "Can, Emre"]
[Result "1/2-1/2"]
[WhiteElo "2485"]
[BlackElo "2600"]
[EventDate "2023.03.03"]
[PlyCount "87"]

1.c4 Nf6 2.Nc3 g6 3.g3 Bg7 4.Bg2 O-O 5.d3 c5 6.Nf3 Nc6 7.O-O d6 8.Rb1 a6 
9.b3 Rb8 10.Bb2 b5 11.Qd2 Bd7 12.Nd5 e5 13.e3 Nxd5 14.cxd5 Ne7 15.Ne1 g5 
16.d4 cxd4 17.exd4 Bf5 18.Rc1 e4 19.Qxg5 Bg6 20.Nc2 h6 21.Qd2 Nxd5 22.Ne3 
Nxe3 23.fxe3 b4 24.Rc6 Rb6 25.Rfc1 d5 26.R1c5 Rxc6 27.Rxc6 a5 28.a3 Qd7 
29.Rc5 Rb8 30.a4 Qd8 31.Qf2 h5 32.Bh3 Kh7 33.Bc1 Bf8 34.Rc6 Bd6 35.Bd2 Kg7
36.Be1 Rb6 37.Qc2 Rxc6 38.Qxc6 Qc7 39.Bd7 Kf6 40.g4 Ke7 41.Bh4+ f6 42.Qxc7
Bxc7 43.Bc6 Ke6 44.Bg3 1/2-1/2

[Event "23rd EUR-ch"]
[Site "Vrnjacka Banja SRB"]
[Date "2023.03.05"]
[Round "3.26"]
[White "Mastrovasilis, Dimitrios"]
[Black "Zanan, Evgeny"]
[Result "1-0"]
[WhiteElo "2599"]
[BlackElo "2485"]
[EventDate "2023.03.03"]
[PlyCount "119"]

1.e4 e6 2.d4 d5 3.Nc3 Bb4 4.exd5 exd5 5.Bd3 Nf6 6.Ne2 O-O 7.O-O c6 8.Bf4 
Re8 9.Qd2 Ne4 10.Bxe4 Rxe4 11.a3 Bxc3 12.Nxc3 Re8 13.Rae1 Rxe1 14.Rxe1 Be6
15.Bg5 Qd6 16.Ne2 Nd7 17.Nf4 Re8 18.Bh4 Nf8 19.Nh5 Bd7 20.Rxe8 Bxe8 21.Bf6
Ne6 22.Qe3 c5 23.dxc5 d4 24.cxd6 dxe3 25.fxe3 Bc6 26.Bd4 a6 27.c4 f6 28.
Ng3 Kf7 29.c5 g6 30.h4 f5 31.Ne2 f4 32.Kf2 fxe3+ 33.Bxe3 Kf6 34.b4 Ke5 35.
Nc3 b5 36.Nb1 Kd5 37.Nd2 Bd7 38.Kf3 Bc6 39.Kf2 Bd7 40.Kf3 Bc6 41.Ke2 Bd7 
42.Kd3 Nd8 43.Bg5 Nc6 44.Bf6 a5 45.Bc3 axb4 46.axb4 h6 47.Ke3 Bf5 48.Kf4 
Nd8 49.Bf6 Nc6 50.g4 Bc8 51.Bc3 Bd7 52.Ne4 Kc4 53.Be1 Kd3 54.Nf6 Be6 55.
Nh7 Ke2 56.Nf8 Bf7 57.Nd7 Kxe1 58.Ne5 Bd5 59.Nxc6 Bxc6 60.Ke5 1-0

[Event "23rd EUR-ch"]
[Site "Vrnjacka Banja SRB"]
[Date "2023.03.05"]
[Round "3.27"]
[White "Gurel, Ediz"]
[Black "Sanal, Vahap"]
[Result "0-1"]
[WhiteElo "2454"]
[BlackElo "2590"]
[EventDate "2023.03.03"]
[PlyCount "157"]

1.e4 e5 2.Nf3 Nc6 3.Bb5 Nf6 4.O-O Nxe4 5.Re1 Nd6 6.Nxe5 Nxe5 7.Rxe5+ Be7 
8.Bf1 O-O 9.d4 Bf6 10.Re1 Nf5 11.c3 d5 12.Bf4 c6 13.Nd2 Nh4 14.Bd3 Bf5 15.
Bxf5 Nxf5 16.Nf3 Qd7 17.Qd3 Rfe8 18.h3 Nd6 19.Be5 Be7 20.Re2 f6 21.Bf4 Bf8
22.Rae1 Rxe2 23.Rxe2 Nf5 24.Ne1 h5 25.Nf3 Bd6 26.Bxd6 Nxd6 27.Nh4 Re8 28.
Qf3 Rxe2 29.Qxe2 g5 30.Nf3 h4 31.Nd2 Kf7 32.Qd3 Kg7 33.Qe2 Qf7 34.f4 Qe8 
35.Qxe8 Nxe8 36.Nf3 Kg6 37.fxg5 fxg5 38.Kf2 Kf5 39.Ne5 Ke4 40.Nf7 Kf4 41.
Ne5 Nd6 42.Nd3+ Kf5 43.Kf3 Nc4 44.Nc5 b6 45.Nd3 a5 46.b3 Nd2+ 47.Ke3 Nb1 
48.c4 dxc4 49.bxc4 Na3 50.Ne5 Nc2+ 51.Kd3 Nb4+ 52.Kd2 c5 53.a3 cxd4 54.Nd7
Na6 55.Nxb6 Nc5 56.Nd5 Ke4 57.Nf6+ Kf4 58.Nh5+ Ke5 59.Ke2 Ne4 60.Kd3 a4 
61.Kc2 Nc5 62.Kd2 Ke4 63.Nf6+ Kf4 64.Nh5+ Ke5 65.Ke2 Kf5 66.g3 Kg6 67.g4 
Kf7 68.Kd2 Ke6 69.Ng7+ Ke5 70.Nf5 Ke4 71.Nd6+ Kf4 72.Nf7 d3 73.Kc3 Ke3 74.
Nd6 Ne6 75.Nb5 d2 76.Kc2 Ke2 77.Nc3+ Ke1 78.Kd3 Nf4+ 79.Kd4 0-1

[Event "23rd EUR-ch"]
[Site "Vrnjacka Banja SRB"]
[Date "2023.03.05"]
[Round "3.28"]
[White "Asadli, Vugar"]
[Black "Ibadov, Dashgyn"]
[Result "1/2-1/2"]
[WhiteElo "2586"]
[BlackElo "2398"]
[EventDate "2023.03.03"]
[PlyCount "57"]

1.e4 e5 2.Nf3 Nc6 3.Bb5 a6 4.Ba4 Nf6 5.Nc3 Be7 6.Bxc6 dxc6 7.h3 Nd7 8.O-O 
c5 9.d3 O-O 10.a4 Bd6 11.Nd2 Re8 12.Nc4 Nf8 13.a5 Ne6 14.Nd5 Bd7 15.Nxd6 
cxd6 16.Nb6 Rb8 17.Be3 Bc6 18.Qg4 d5 19.f3 Nd4 20.Rf2 Re6 21.h4 Qd6 22.h5 
Rf8 23.Qh3 h6 24.g4 Ree8 25.Qg3 f6 26.Rg2 Ne6 27.Qf2 Rd8 28.Re1 Rf7 29.Ra1
1/2-1/2

[Event "23rd EUR-ch"]
[Site "Vrnjacka Banja SRB"]
[Date "2023.03.05"]
[Round "3.29"]
[White "Martirosian, Haik M."]
[Black "Ahmadzada, Ahmad"]
[Result "1-0"]
[WhiteElo "2686"]
[BlackElo "2487"]
[EventDate "2023.03.03"]
[PlyCount "79"]

1.d4 Nf6 2.c4 e6 3.Nf3 c5 4.d5 d6 5.Nc3 exd5 6.cxd5 g6 7.Bf4 Bg7 8.h3 O-O 
9.e3 b6 10.Nd2 Ne8 11.Be2 Nd7 12.O-O Qe7 13.a4 Nc7 14.Nc4 Ne5 15.Bxe5 Bxe5
16.Nxe5 Qxe5 17.Qd2 f5 18.f4 Qf6 19.Rad1 Bd7 20.e4 Rae8 21.exf5 gxf5 22.
Bb5 Re7 23.Rfe1 a6 24.Rxe7 Qxe7 25.Bc6 Re8 26.Qd3 Qg7 27.Kh2 Kh8 28.Rd2 
Rg8 29.Bxd7 Qxd7 30.Ne2 b5 31.axb5 Nxb5 32.Ng3 Nd4 33.Qxa6 Qg7 34.Qd3 Qg6 
35.b4 Rb8 36.bxc5 dxc5 37.Qe3 Rb3 38.Qe1 Rb7 39.Ra2 Rg7 40.Nh5 1-0

[Event "23rd EUR-ch"]
[Site "Vrnjacka Banja SRB"]
[Date "2023.03.05"]
[Round "3.30"]
[White "Reshef, Omer"]
[Black "Anton Guijarro, David"]
[Result "0-1"]
[WhiteElo "2492"]
[BlackElo "2685"]
[EventDate "2023.03.03"]
[PlyCount "174"]

1.e4 c6 2.c4 d5 3.cxd5 cxd5 4.exd5 Nf6 5.Nc3 Nxd5 6.Nf3 e6 7.d4 Nxc3 8.
bxc3 Qc7 9.Bd2 Nd7 10.Bd3 Bd6 11.O-O b6 12.h3 Bb7 13.Qe2 O-O 14.Ng5 h6 15.
Ne4 Bh2+ 16.Kh1 Bf4 17.Rac1 Bxd2 18.Qxd2 Rad8 19.Bb1 Qc6 20.f4 f5 21.Ng3 
b5 22.Rfe1 Nb6 23.Bd3 a6 24.Bf1 Qd6 25.Bd3 Rc8 26.Re5 Bd5 27.Nf1 Rc7 28.
Ng3 Rfc8 29.Rc2 g6 30.Kh2 Kg7 31.Ne2 Bc4 32.Re3 Rc6 33.Rg3 Bd5 34.Qc1 R8c7
35.Qd2 Kf7 36.Nc1 Na4 37.Ne2 Nb6 38.Ng1 Nc4 39.Bxc4 Rxc4 40.Ne2 Be4 41.Rb2
Rc8 42.Rb3 Qc7 43.Ng1 g5 44.Nf3 Bxf3 45.Rxf3 gxf4 46.Kh1 Kg6 47.Kh2 e5 48.
dxe5 Qxe5 49.Ra3 R8c6 50.Qd8 Qe6 51.Rb3 Rc8 52.Qd2 Qf6 53.Ra3 Rd8 54.Qf2 
Qd6 55.Rb3 Rdc8 56.Qe1 Re4 57.Qf2 Rcc4 58.Rb2 Re3 59.Rd2 Qe5 60.Qh4 Qf6 
61.Qf2 Rxf3 62.Qxf3 Re4 63.Rd5 Qe6 64.Qd3 Kg5 65.h4+ Kxh4 66.Rd6 Re3 67.
Qd1 Qf7 68.Rxh6+ Kg5 69.Qd6 Qg7 70.Rh3 Rxh3+ 71.gxh3 Qxc3 72.Qd8+ Qf6 73.
Qg8+ Kh6 74.Qb8 Qb2+ 75.Kg1 Qc1+ 76.Kg2 Qd2+ 77.Kf1 Qd1+ 78.Kf2 Qd4+ 79.
Kf1 Qd3+ 80.Kf2 Qe3+ 81.Kf1 Qxh3+ 82.Kf2 Qe3+ 83.Kf1 Qd3+ 84.Kf2 Qd4+ 85.
Kf1 f3 86.Qf8+ Kg5 87.Qe7+ Kg4 0-1

[Event "23rd EUR-ch"]
[Site "Vrnjacka Banja SRB"]
[Date "2023.03.05"]
[Round "3.31"]
[White "Predke, Alexander"]
[Black "Castellanos Rodriguez, Renier"]
[Result "1-0"]
[WhiteElo "2684"]
[BlackElo "2484"]
[EventDate "2023.03.03"]
[PlyCount "91"]

1.e4 c5 2.Nf3 d6 3.d4 cxd4 4.Nxd4 Nf6 5.Nc3 a6 6.Be2 e5 7.Nb3 Be7 8.O-O 
O-O 9.Kh1 Re8 10.f4 b6 11.fxe5 dxe5 12.Bg5 Be6 13.Qe1 Nbd7 14.Rd1 Qc8 15.
Qg3 b5 16.Bf3 Kh8 17.Nd5 Bd8 18.c3 h6 19.Be3 Qc4 20.Qe1 a5 21.Nc1 Qc6 22.
Ne2 Qb7 23.Ng3 Rc8 24.Qe2 Rc4 25.Qd2 Kh7 26.b3 Rc8 27.Be2 Qc6 28.c4 bxc4 
29.Bxc4 Ng4 30.Bg1 Nb6 31.Bxb6 Bxb6 32.h3 Bxd5 33.Bxd5 Qc3 34.Qxc3 Rxc3 
35.hxg4 Rxg3 36.Bxf7 Rxg4 37.Kh2 Re7 38.Rd6 Bd4 39.Kh3 Rg5 40.g4 Rc7 41.
Rd8 g6 42.Be6 Be3 43.Rd7+ Rxd7 44.Bxd7 Kg7 45.Rf3 Bf4 46.Rd3 1-0

[Event "23rd EUR-ch"]
[Site "Vrnjacka Banja SRB"]
[Date "2023.03.05"]
[Round "3.32"]
[White "Kovacevic, Aleksandar"]
[Black "Wojtaszek, Radoslaw"]
[Result "1-0"]
[WhiteElo "2489"]
[BlackElo "2682"]
[EventDate "2023.03.03"]
[PlyCount "93"]

1.e4 c5 2.Nf3 d6 3.Bb5+ Nd7 4.O-O a6 5.Bd3 Ngf6 6.Re1 e6 7.c3 b5 8.Bc2 Bb7
9.a4 Be7 10.d4 cxd4 11.cxd4 O-O 12.a5 Rc8 13.Nbd2 Qc7 14.Bb1 Rfe8 15.Nb3 
Qb8 16.Bd2 Bf8 17.Qe2 Qa8 18.h3 g6 19.Nh2 Bg7 20.f3 e5 21.d5 Nh5 22.Nf1 
Nf4 23.Qd1 f5 24.Kh2 fxe4 25.fxe4 Nf6 26.g3 N4h5 27.Be3 Rc7 28.Bd3 Rf7 29.
Nfd2 Ref8 30.Rf1 Qd8 31.Rc1 Bc8 32.Qe2 Qd7 33.Qg2 Ne8 34.Rxf7 Rxf7 35.Be2 
Nef6 36.g4 Nf4 37.Bxf4 exf4 38.g5 f3 39.Bxf3 Nh5 40.Bg4 Be5+ 41.Kh1 Qa7 
42.Rxc8+ Kg7 43.Bxh5 gxh5 44.Nf1 h4 45.Rc2 Kg6 46.Qe2 Rf4 47.Nh2 1-0

[Event "23rd EUR-ch"]
[Site "Vrnjacka Banja SRB"]
[Date "2023.03.05"]
[Round "3.33"]
[White "Esipenko, Andrei"]
[Black "Kosakowski, Jakub"]
[Result "1/2-1/2"]
[WhiteElo "2680"]
[BlackElo "2476"]
[EventDate "2023.03.03"]
[PlyCount "93"]

1.d4 Nf6 2.c4 e6 3.Nf3 d5 4.Nc3 Bb4 5.Qa4+ Nc6 6.e3 O-O 7.Qc2 Re8 8.Bd2 
Bf8 9.a3 h6 10.cxd5 exd5 11.Bd3 Bg4 12.O-O Qc8 13.Nh4 Ne7 14.f3 Be6 15.e4 
c5 16.e5 Nd7 17.f4 cxd4 18.Nb5 Qxc2 19.Bxc2 Rec8 20.Nxd4 Nc6 21.Nxe6 fxe6 
22.Bd1 Nc5 23.Bg4 Re8 24.Rad1 Nd3 25.b4 a5 26.Ng6 axb4 27.Nxf8 Kxf8 28.
axb4 Nb2 29.b5 Ne7 30.Rde1 Kf7 31.f5 exf5 32.Bxf5 Nxf5 33.Rxf5+ Ke6 34.Rf3
Nc4 35.Bc3 Rf8 36.Rg3 Ra3 37.Rg6+ Kf7 38.Rg3 Ke6 39.Rg6+ Kf7 40.Bb4 Kxg6 
41.Bxf8 Re3 42.Rxe3 Nxe3 43.e6 h5 44.e7 Kf7 45.Bxg7 Kxe7 46.Kf2 Nf5 47.Bb2
1/2-1/2

[Event "23rd EUR-ch"]
[Site "Vrnjacka Banja SRB"]
[Date "2023.03.05"]
[Round "3.34"]
[White "Bacrot, Etienne"]
[Black "Sousa, Andre Ventura"]
[Result "1-0"]
[WhiteElo "2659"]
[BlackElo "2464"]
[EventDate "2023.03.03"]
[PlyCount "67"]

1.Nf3 Nf6 2.g3 d5 3.Bg2 e6 4.O-O Be7 5.d4 O-O 6.b3 b6 7.c4 c6 8.Qc2 Bb7 9.
Nc3 Na6 10.Rd1 Qc8 11.Bb2 c5 12.cxd5 Nb4 13.Qd2 Nbxd5 14.Nxd5 Bxd5 15.dxc5
Rd8 16.Qf4 Qxc5 17.Rac1 Qa5 18.Bxf6 Bxf6 19.e4 Bb7 20.e5 Rxd1+ 21.Rxd1 Rd8
22.Rc1 Bxf3 23.exf6 Bxg2 24.Kxg2 gxf6 25.Qxf6 Qd5+ 26.Kg1 a5 27.Rc7 Rf8 
28.Rc4 Qd1+ 29.Kg2 Qd5+ 30.Kh3 h5 31.Rd4 Qb5 32.a4 Qc5 33.Re4 Qf5+ 34.Qxf5
1-0

[Event "23rd EUR-ch"]
[Site "Vrnjacka Banja SRB"]
[Date "2023.03.05"]
[Round "3.35"]
[White "Santos Latasa, Jaime"]
[Black "Bronstein, Or"]
[Result "1-0"]
[WhiteElo "2655"]
[BlackElo "2465"]
[EventDate "2023.03.03"]
[PlyCount "68"]

1.e4 e5 2.Nf3 Nf6 3.Nc3 Nc6 4.g3 Bc5 5.Bg2 d6 6.d3 a5 7.h3 h6 8.O-O O-O 9.
Kh2 Be6 10.Be3 a4 11.d4 exd4 12.Nxd4 Bxd4 13.Bxd4 Nxd4 14.Qxd4 Qb8 15.Rfe1
Ra5 16.f4 b5 17.a3 c5 18.Qd2 b4 19.Nd1 h5 20.Ne3 Ra6 21.Rad1 Re8 22.f5 Bd7
23.Nc4 d5 24.exd5 Rxe1 25.Rxe1 Bxf5 26.Ne5 h4 27.Kg1 Ne4 28.Qf4 Nxg3 29.
Qxh4 bxa3 30.bxa3 f6 31.Nc6 Qd6 32.Ne7+ Kf7 33.Qh8 Be4 34.Bxe4 f5 1-0

[Event "23rd EUR-ch"]
[Site "Vrnjacka Banja SRB"]
[Date "2023.03.05"]
[Round "3.36"]
[White "Indjic, Aleksandar"]
[Black "Ghimpu, Samuel-Timotei"]
[Result "1-0"]
[WhiteElo "2636"]
[BlackElo "2459"]
[EventDate "2023.03.03"]
[PlyCount "83"]

1.d4 Nf6 2.c4 e6 3.Nc3 d5 4.cxd5 Nxd5 5.e4 Nxc3 6.bxc3 c5 7.Rb1 Be7 8.Nf3 
O-O 9.Bc4 Qc7 10.Qe2 a6 11.O-O b5 12.Bd3 Nd7 13.a4 b4 14.cxb4 cxb4 15.e5 
Bb7 16.Ng5 Bxg5 17.Bxg5 Qc6 18.Qg4 f5 19.exf6 Nxf6 20.Bxf6 Rxf6 21.Rxb4 a5
22.Rc4 Qd6 23.Rfc1 Rf7 24.Qh3 g6 25.Qe3 Raf8 26.f3 Bd5 27.Rc8 Qf4 28.Qe5 
Qxe5 29.dxe5 Rf4 30.Rxf8+ Kxf8 31.Rc8+ Kg7 32.Rc7+ Kh6 33.Bc2 Rd4 34.Kf2 
Rd2+ 35.Kg3 Re2 36.h4 Rxe5 37.Kf2 Rh5 38.g3 e5 39.Kg2 Bg8 40.Be4 g5 41.g4 
Rxh4 42.Bf5 1-0

[Event "23rd EUR-ch"]
[Site "Vrnjacka Banja SRB"]
[Date "2023.03.05"]
[Round "3.37"]
[White "Petrosian, Manuel"]
[Black "Sanikidze, Tornike"]
[Result "1/2-1/2"]
[WhiteElo "2634"]
[BlackElo "2459"]
[EventDate "2023.03.03"]
[PlyCount "128"]

1.c4 e6 2.Nc3 d5 3.d4 Nf6 4.cxd5 Nxd5 5.e4 Nxc3 6.bxc3 c5 7.Nf3 cxd4 8.
cxd4 Bb4+ 9.Bd2 Bxd2+ 10.Qxd2 O-O 11.Bc4 Nd7 12.O-O b6 13.Rad1 Bb7 14.Rfe1
Rc8 15.Bb3 Re8 16.h4 h6 17.Qf4 Qc7 18.Ne5 Nxe5 19.dxe5 b5 20.Rd6 a5 21.Re3
Red8 22.Kh2 Qc1 23.a4 Bc6 24.Qg4 Qc5 25.Rg3 Qxe5 26.Rxe6 fxe6 27.Bxe6+ Kh8
28.Bxc8 bxa4 29.Bf5 Be8 30.f4 Qe7 31.Be6 Bd7 32.Bxd7 Rxd7 33.e5 Rd4 34.
Qc8+ Rd8 35.Qh3 Rf8 36.Rg4 a3 37.Qc3 Qb4 38.Qc7 Rg8 39.Qf7 a4 40.Rg3 a2 
41.Qxa2 Qxf4 42.Kh3 Qf5+ 43.Kh2 Qe4 44.Kh3 g5 45.Kh2 Qxh4+ 46.Rh3 Qf4+ 47.
g3 Qf8 48.e6 Rg6 49.Kg2 Qa8+ 50.Kg1 Qe4 51.e7 Qxe7 52.Qxa4 Qe1+ 53.Kg2 
Qd2+ 54.Kg1 Qe3+ 55.Kg2 Qe2+ 56.Kg1 Qe3+ 57.Kg2 Qe2+ 58.Kg1 Re6 59.Qd4+ 
Kh7 60.Rh2 Qe1+ 61.Kg2 Re2+ 62.Kh3 Qf1+ 63.Kg4 Rxh2 64.Qg7+ Kxg7 1/2-1/2

[Event "23rd EUR-ch"]
[Site "Vrnjacka Banja SRB"]
[Date "2023.03.05"]
[Round "3.38"]
[White "Samunenkov, Ihor"]
[Black "Chigaev, Maxim"]
[Result "1-0"]
[WhiteElo "2488"]
[BlackElo "2632"]
[EventDate "2023.03.03"]
[PlyCount "113"]

1.d4 Nf6 2.Nf3 d5 3.c4 c6 4.e3 Bf5 5.Nc3 e6 6.Nh4 Bg6 7.Nxg6 hxg6 8.Rb1 
Nbd7 9.c5 e5 10.b4 a6 11.a4 Be7 12.g3 e4 13.b5 axb5 14.axb5 g5 15.Bd2 g6 
16.Bg2 Kf8 17.f3 exf3 18.Qxf3 Kg7 19.O-O Nf8 20.g4 Ne6 21.Ra1 Rf8 22.h3 
Nd7 23.Kh1 Bf6 24.Rxa8 Qxa8 25.Nxd5 cxd5 26.Qxd5 Rd8 27.Qf3 Qa2 28.Qf2 Qc4
29.c6 bxc6 30.bxc6 Nef8 31.Qf3 Qe6 32.cxd7 Nxd7 33.Bc3 Rc8 34.e4 Qb3 35.
Ba1 Qxf3 36.Bxf3 Be7 37.e5 f6 38.Bd5 Rd8 39.Be6 Nf8 40.d5 f5 41.Bxf5 gxf5 
42.d6 Bxd6 43.exd6+ Kh7 44.Be5 fxg4 45.hxg4 Nd7 46.Bg3 Kg6 47.Kg2 Re8 48.
Rc1 Re3 49.Rd1 Rb3 50.Re1 Nf6 51.Re6 Kf7 52.Re7+ Kg6 53.Be5 Nxg4 54.d7 Rd3
55.Re6+ Kf5 56.Rd6 Ne3+ 57.Kh1 1-0

[Event "23rd EUR-ch"]
[Site "Vrnjacka Banja SRB"]
[Date "2023.03.05"]
[Round "3.39"]
[White "Quparadze, Giga"]
[Black "Rodshtein, Maxim"]
[Result "1-0"]
[WhiteElo "2483"]
[BlackElo "2622"]
[EventDate "2023.03.03"]
[PlyCount "81"]

1.e4 c5 2.Nf3 d6 3.d4 cxd4 4.Nxd4 Nf6 5.Nc3 Nc6 6.Bg5 e6 7.Qd3 a6 8.O-O-O 
Bd7 9.f4 h6 10.Bh4 Be7 11.Nf3 g5 12.Bg3 gxf4 13.Bxf4 Ng4 14.Qd2 Rc8 15.Kb1
h5 16.h3 Nge5 17.Be2 b5 18.Rhf1 b4 19.Na4 Nxf3 20.gxf3 Na5 21.Qxb4 d5 22.
Qd4 Bf6 23.e5 Be7 24.b3 Bb5 25.Nc3 Nc6 26.Bxb5 axb5 27.Qd3 Qa5 28.Bd2 b4 
29.Na4 Nxe5 30.Qd4 Ng6 31.f4 O-O 32.f5 exf5 33.Rxf5 Rfe8 34.Bh6 Bf8 35.
Bxf8 Rxf8 36.Rxh5 Qc7 37.Rc1 Rfe8 38.Rxd5 Qh2 39.Nc5 Re2 40.Ne4 Rcxc2 41.
Nf6+ 1-0

[Event "23rd EUR-ch"]
[Site "Vrnjacka Banja SRB"]
[Date "2023.03.05"]
[Round "3.40"]
[White "Vocaturo, Daniele"]
[Black "Nigalidze, Gaioz"]
[Result "1/2-1/2"]
[WhiteElo "2619"]
[BlackElo "2448"]
[EventDate "2023.03.03"]
[PlyCount "189"]

1.e4 c5 2.Nf3 Nc6 3.Bb5 e6 4.O-O Nge7 5.Re1 a6 6.Bf1 d5 7.d3 d4 8.e5 Ng6 
9.g3 Qc7 10.Qe2 b5 11.Bg2 Bb7 12.h4 h5 13.Bg5 Qd7 14.Nbd2 Nb4 15.Nb3 Rc8 
16.a3 Nc6 17.Nbd2 Nge7 18.Ne4 Ng6 19.Ned2 Nge7 20.c4 dxc3 21.bxc3 Nf5 22.
Rab1 Be7 23.Ne4 Bxg5 24.Nexg5 Nce7 25.Ne4 c4 26.Rbd1 cxd3 27.Rxd3 Bd5 28.
Nfg5 Rd8 29.Nd6+ Nxd6 30.Bxd5 Ndf5 31.Be4 Qc7 32.Rxd8+ Qxd8 33.Rd1 Qc7 34.
Qf3 O-O 35.Bxf5 Nxf5 36.Qxh5 Nh6 37.Ne4 Rd8 38.Rd6 Nf5 39.Rxd8+ Qxd8 40.
Ng5 Nh6 41.Qf3 g6 42.Qb7 Qd2 43.Qxa6 Qxc3 44.Qxb5 Qxa3 45.Qe2 Kg7 46.Qe4 
Qe7 47.Qf4 Qd8 48.Kh2 Nf5 49.Nf3 Qb6 50.Kg2 Qb7 51.Kh2 Qb6 52.Ng5 Qd8 53.
g4 Nh6 54.Nf3 Ng8 55.Kg3 Qd3 56.Qd4 Qa3 57.Qe4 Ne7 58.Kg2 Nd5 59.Ng5 Qe7 
60.Qf3 Kg8 61.Kh3 Kg7 62.Ne4 Kg8 63.h5 Kg7 64.Kg3 gxh5 65.gxh5 Kh6 66.Qg4 
Qa3+ 67.Kh2 Qc1 68.Nd6 Qf4+ 69.Qxf4+ Nxf4 70.Nxf7+ Kxh5 71.Kg3 Nd3 72.f4 
Kg6 73.Nd6 Kg7 74.Kg4 Nf2+ 75.Kf3 Nd3 76.Ke3 Nb4 77.Kd4 Kf8 78.Nc8 Ke8 79.
Nd6+ Ke7 80.Nc4 Nc2+ 81.Ke4 Nb4 82.Ne3 Nc6 83.Kd3 Kd7 84.Ng4 Ke7 85.Kc4 
Na5+ 86.Kd3 Nc6 87.Nh2 Nb4+ 88.Ke4 Na2 89.Nf3 Nc3+ 90.Kd4 Ne2+ 91.Ke3 Nc3 
92.Nd4 Nd5+ 93.Ke4 Nc3+ 94.Kd3 Nd5 95.Ke4 1/2-1/2

[Event "23rd EUR-ch"]
[Site "Vrnjacka Banja SRB"]
[Date "2023.03.05"]
[Round "3.41"]
[White "Ter-Sahakyan, Samvel"]
[Black "Loiseau, Quentin"]
[Result "1-0"]
[WhiteElo "2616"]
[BlackElo "2449"]
[EventDate "2023.03.03"]
[PlyCount "186"]

1.d4 d5 2.c4 e6 3.Nf3 Nf6 4.g3 Be7 5.Bg2 O-O 6.O-O c6 7.Qc2 b6 8.Bf4 Bb7 
9.Rd1 Qc8 10.Nbd2 c5 11.Rac1 Nc6 12.dxc5 Bxc5 13.cxd5 Nb4 14.Qb1 Nbxd5 15.
Be5 Ng4 16.Ne4 Nxe5 17.Nxe5 Qc7 18.Nd3 a5 19.Ndxc5 bxc5 20.Nxc5 Bc6 21.Qe4
Rfe8 22.Nb3 Qb6 23.Qd4 Reb8 24.Qxb6 Rxb6 25.e4 Nb4 26.Nxa5 Ba4 27.e5 Rab8 
28.Rd4 Be8 29.a3 Na2 30.Rc2 Rxb2 31.Rxb2 Rxb2 32.Bc6 Rb1+ 33.Kg2 Bxc6+ 34.
Nxc6 g5 35.Rg4 h6 36.h4 Rb6 37.Rc4 gxh4 38.gxh4 Rb3 39.a4 Ra3 40.a5 Kf8 
41.Rd4 Nc1 42.Re4 Nb3 43.Re3 Nxa5 44.Rxa3 Nxc6 45.Re3 Nd4 46.h5 Nf5 47.Rh3
Nd4 48.Kg3 Nc6 49.Kf4 Ne7 50.Rg3 Nf5 51.Rg1 Nd4 52.Ke4 Nf5 53.Kd3 Ng7 54.
Rh1 Nf5 55.Kc4 Ke7 56.Rg1 Kf8 57.Kc5 Ng7 58.Rh1 Nf5 59.Kc6 Ke7 60.Rh3 Ng7 
61.Rh4 Ke8 62.Ra4 Ke7 63.Ra7+ Ke8 64.Kd6 Nf5+ 65.Kc5 Ng7 66.Ra4 Ke7 67.Rh4
Ke8 68.Kc4 Ke7 69.Kd3 Nf5 70.Rh1 Kf8 71.Ke4 Ng7 72.Kf4 Nf5 73.Ra1 Ne7 74.
Ra8+ Kg7 75.Ke4 Nd5 76.Rc8 Ne7 77.Rd8 Nf5 78.Re8 Kh7 79.Kd3 Ng7 80.Rf8 
Nxh5 81.Rxf7+ Kg6 82.Rf8 Kg7 83.Rf3 Kg6 84.Ke4 Kg5 85.Rf8 Kg6 86.Kd4 Kg5 
87.Ke3 Kg6 88.Ke4 Kg7 89.Rf3 Kg6 90.Rh3 Ng7 91.Rg3+ Kf7 92.Rf3+ Ke8 93.Rf6
h5 1-0

[Event "23rd EUR-ch"]
[Site "Vrnjacka Banja SRB"]
[Date "2023.03.05"]
[Round "3.42"]
[White "Bernadskiy, Vitaliy"]
[Black "Erdogmus, Yagiz Kaan"]
[Result "1-0"]
[WhiteElo "2611"]
[BlackElo "2445"]
[EventDate "2023.03.03"]
[PlyCount "77"]

1.c4 e5 2.e3 Nf6 3.Nc3 c6 4.Nf3 d6 5.Be2 g6 6.d4 Nbd7 7.O-O Bg7 8.b4 O-O 
9.a4 Re8 10.a5 e4 11.Nd2 Nf8 12.c5 d5 13.a6 b5 14.cxb6 axb6 15.b5 cxb5 16.
Bxb5 Re7 17.Ba3 Rea7 18.Bc6 Rb8 19.Nb5 Rxa6 20.Bd6 Bb7 21.Bc7 Qc8 22.Bxb8 
Qxc6 23.Nd6 N8d7 24.Rc1 Nxb8 25.Rxc6 Bxc6 26.f3 exf3 27.Nxf3 Bd7 28.Ne5 
Be6 29.Qc2 Ra7 30.Nexf7 Rxf7 31.Nxf7 Kxf7 32.e4 dxe4 33.Qxe4 Nd7 34.g4 Ke7
35.Qe2 Nd5 36.Qd3 Nb8 37.Qa3+ Ke8 38.Qd6 Bxd4+ 39.Kh1 1-0

[Event "23rd EUR-ch"]
[Site "Vrnjacka Banja SRB"]
[Date "2023.03.05"]
[Round "3.43"]
[White "Briakin, Mikhail"]
[Black "Bjerre, Jonas Buhl"]
[Result "1/2-1/2"]
[WhiteElo "2474"]
[BlackElo "2608"]
[EventDate "2023.03.03"]
[PlyCount "82"]

1.d4 Nf6 2.c4 e6 3.Nc3 Bb4 4.e3 O-O 5.Bd2 d5 6.Nf3 b6 7.cxd5 exd5 8.Rc1 
Bb7 9.Nb5 Bxd2+ 10.Nxd2 c5 11.dxc5 bxc5 12.Rxc5 Nc6 13.Be2 Qe7 14.Nb3 d4 
15.O-O dxe3 16.Bf3 a6 17.Nc3 exf2+ 18.Rxf2 Rad8 19.Qe2 Qd6 20.Qf1 Nd7 21.
Rg5 Nde5 22.Bd5 Qe7 23.Rgf5 g6 24.Rf6 Nb4 25.Bxb7 Qxb7 26.Re2 Ng4 27.Rf4 
Qb6+ 28.Kh1 f5 29.h3 Nf6 30.Rf3 Rfe8 31.Qf2 Qc7 32.Qc5 Qxc5 33.Rxe8+ Rxe8 
34.Nxc5 a5 35.a3 Nc2 36.Rf2 Re1+ 37.Kh2 Ne3 38.Re2 Rxe2 39.Nxe2 Nc4 40.b4 
axb4 41.axb4 Nd5 1/2-1/2

[Event "23rd EUR-ch"]
[Site "Vrnjacka Banja SRB"]
[Date "2023.03.05"]
[Round "3.44"]
[White "Yuffa, Daniil"]
[Black "Fromm, Marius"]
[Result "0-1"]
[WhiteElo "2605"]
[BlackElo "2428"]
[EventDate "2023.03.03"]
[PlyCount "90"]

1.d4 d5 2.c4 dxc4 3.e4 b5 4.a4 c6 5.axb5 cxb5 6.Nc3 Qb6 7.Be3 e6 8.Nh3 Bb4
9.Be2 Ne7 10.Bf3 Bb7 11.Nf4 O-O 12.O-O Ng6 13.d5 Bc5 14.Nxg6 hxg6 15.Bxc5 
Qxc5 16.b4 Qxb4 17.Qd4 e5 18.Qe3 a6 19.Qb6 Qe7 20.Rfd1 Qd7 21.h4 Qc8 22.
Qd6 Nd7 23.h5 gxh5 24.Bxh5 Nf6 25.Bf3 Re8 26.g3 Qd7 27.Qb6 Rab8 28.Rab1 
Red8 29.Qa7 Qd6 30.Kg2 g6 31.Rh1 Kg7 32.Be2 Ba8 33.Ra1 Qb6 34.Rxa6 Qxa7 
35.Rxa7 b4 36.Nd1 Nxe4 37.Bxc4 Nd2 38.Be2 Bxd5+ 39.f3 e4 40.Kf2 exf3 41.
Bd3 Ne4+ 42.Bxe4 Bxe4 43.Ke3 Ba8 44.Nf2 Rb6 45.g4 g5 0-1

[Event "23rd EUR-ch"]
[Site "Vrnjacka Banja SRB"]
[Date "2023.03.05"]
[Round "3.45"]
[White "Saraci, Nderim"]
[Black "Iskandarov, Misratdin"]
[Result "1/2-1/2"]
[WhiteElo "2469"]
[BlackElo "2598"]
[EventDate "2023.03.03"]
[PlyCount "85"]

1.e4 c5 2.Nf3 Nc6 3.d4 cxd4 4.Nxd4 Nf6 5.Nc3 d6 6.Bg5 e6 7.Qd2 a6 8.O-O-O 
Bd7 9.f3 Be7 10.h4 h6 11.Be3 h5 12.Kb1 Qc7 13.Be2 Nxd4 14.Bxd4 b5 15.Bd3 
Rb8 16.g4 b4 17.Ne2 hxg4 18.fxg4 e5 19.g5 Nh5 20.Bf2 Be6 21.Ng3 Nxg3 22.
Bxg3 a5 23.h5 a4 24.g6 Bf6 25.h6 fxg6 26.hxg7 Rxh1 27.Rxh1 Qxg7 28.Rf1 Qe7
29.Qe2 b3 30.Bb5+ Kd8 31.Bxa4 bxa2+ 32.Ka1 Qb7 33.b3 Be7 34.Qd3 Kc8 35.Rh1
Qb6 36.Rh8+ Bd8 37.Bh4 Kb7 38.Rh7+ Bc7 39.Re7 Ra8 40.Bf2 Qxf2 41.Rxe6 Ra5 
42.Rxg6 Rc5 43.b4 1/2-1/2

[Event "23rd EUR-ch"]
[Site "Vrnjacka Banja SRB"]
[Date "2023.03.05"]
[Round "3.46"]
[White "Pechac, Jergus"]
[Black "Celik, Hasan Huseyin"]
[Result "1-0"]
[WhiteElo "2598"]
[BlackElo "2420"]
[EventDate "2023.03.03"]
[PlyCount "125"]

1.e4 c6 2.d4 d5 3.e5 Bf5 4.Nf3 e6 5.Be2 c5 6.O-O Nc6 7.c3 Rc8 8.Be3 cxd4 
9.cxd4 Nge7 10.Nc3 Bg4 11.Nh4 Bxe2 12.Nxe2 Ng6 13.Nxg6 hxg6 14.g3 Qb6 15.
Rb1 Be7 16.b4 Qd8 17.Qd2 a5 18.bxa5 Nxa5 19.Qd3 O-O 20.Bd2 Nc4 21.Rxb7 Rc7
22.Rfb1 Qd7 23.Rxc7 Qxc7 24.Bb4 Ra8 25.Nc3 Bxb4 26.Rxb4 Rc8 27.Rb3 Na5 28.
Ra3 Nc4 29.Nb5 Qb6 30.Rb3 Qa5 31.Nc3 Qa7 32.Kg2 Ra8 33.h4 Rc8 34.Kh3 Kh8 
35.Kh2 Kg8 36.Kg2 Kh8 37.a4 Kg8 38.Rb1 Qa5 39.Rb5 Nxe5 40.dxe5 Qxc3 41.
Qxc3 Rxc3 42.Rb8+ Kh7 43.Rb7 Kg8 44.Rb8+ Kh7 45.f4 Rc2+ 46.Kh3 Rc4 47.a5 
Rc5 48.a6 Ra5 49.Rb6 Ra3 50.Rd6 g5 51.hxg5 Kg6 52.Kg4 Ra4 53.Rb6 Rc4 54.a7
Ra4 55.Rb7 Ra2 56.Rd7 Ra3 57.Re7 Ra2 58.Kf3 Ra3+ 59.Kf2 Kf5 60.Rxf7+ Ke4 
61.f5 Ra2+ 62.Kg1 Kxe5 63.f6 1-0